000 00307nam a2200121Ia 4500
008 240731s9999 xx 000 0 und d
022 _a2047-7732
245 0 _aPathogens and Global Health
260 _bTaylor & Francis
856 _uhttps://www.tandfonline.com/loi/ypgh20
942 _2ddc
942 _cTFEJ
999 _c78870
_d78870
945 _a1
_bMadushi Gamage
_c1
_dMadushi Gamage